00732nam a2200241 a 4500001001300000003000900013005001700022008004100039020000800080082001600088100002300104245008000127260004700207300000900254500003500263505001000298650001900308700002300327902000800350942000700358952011200365999001300477nice12345678IN_TiNIC20260116011305.0050524s1905 laha grp 000 0 urd  ac200a297.4bJEE2 aJeelani, S A Qader aQala-E-Duljawahir Fi Munaqib Shaikh Abdul Khadir Jeelani(hayat-I-Jaweedani) aLahorebAllah Waaley Ki Qawmi Dukaanc1905 a300p aincludes index and biblioraphy2 aIndex aSufism-Jeelani1 aJeelani, S A Qader bSRS cBK 001040708StackRoom-aHMIbHMId2007-09-12g2.00l0o297.4 JEE2p04007r2007-09-12v2.00w2005-05-24yBK c209d209